[Event "Northumbria Masters"]
[Site "Newcastle upon Tyne, ENG"]
[Date "2019.08.25"]
[Round "4.13"]
[White "Birtwistle, Nigel"]
[Black "Villiers, Thomas"]
[Result "0-1"]
[WhiteElo "2136"]
[BlackElo "2218"]
[PlyCount "74"]
[EventDate "2019.08.23"]
[EventRounds "9"]
[EventCountry "ENG"]
[SourceTitle "BritBase"]
[Source "John Saunders"]
[SourceDate "2021.08.31"]
[SourceVersion "1"]
[SourceVersionDate "2021.08.31"]
[SourceQuality "1"]

1. e4 c6 2. d4 d5 3. exd5 cxd5 4. Bd3 Nc6 5. c3 Qc7 6. Ne2 Bg4 7. f3 Bd7 8. O-O
Nf6 9. Re1 e6 10. Bf4 Bd6 11. Bxd6 Qxd6 12. Nd2 O-O 13. Nf1 Na5 14. b3 b5 15.
Qd2 Rfc8 16. Rac1 Qb6 17. Kh1 Nb7 18. Bb1 Nd6 19. Nf4 a5 20. Nd3 b4 21. Nc5
bxc3 22. Qxc3 Nb7 23. Nxd7 Nxd7 24. Qd3 g6 25. Ne3 Nd6 26. a4 Rab8 27. Bc2 Qb4
28. Rb1 Rc3 29. Qa6 Rb6 30. Qa8+ Nb8 31. Rbc1 Ra6 32. Nxd5 Rxa8 33. Nxb4 axb4
34. Be4 Nxe4 35. fxe4 Nc6 36. d5 Nd4 37. d6 e5 0-1

[Event "Northumbria Masters"]
[Site "Newcastle upon Tyne, ENG"]
[Date "2019.08.25"]
[Round "4.14"]
[White "Berry, Neil"]
[Black "Balaji, Aaravamudhan"]
[Result "1-0"]
[WhiteElo "2207"]
[BlackElo "2043"]
[PlyCount "93"]
[EventDate "2019.08.23"]
[EventRounds "9"]
[EventCountry "ENG"]
[SourceTitle "BritBase"]
[Source "John Saunders"]
[SourceDate "2021.08.31"]
[SourceVersion "1"]
[SourceVersionDate "2021.08.31"]
[SourceQuality "1"]

1. d4 Nf6 2. c4 g6 3. Nc3 Bg7 4. e4 d6 5. h3 O-O 6. Be3 e5 7. d5 a5 8. g4 Na6
9. Nge2 b6 10. Ng3 Bd7 11. Qd2 Nc5 12. f3 h5 13. Bg5 Qe8 14. Rg1 Kh7 15. O-O-O
Ng8 16. gxh5 f5 17. hxg6+ Qxg6 18. exf5 Bxf5 19. Nxf5 Rxf5 20. Be3 Qf7 21. Be2
Nf6 22. Qc2 Nh5 23. Bxc5 Bh6+ 24. Kb1 bxc5 25. Bd3 Rf8 26. Nb5 Nf4 27. Be4 Nxh3
28. Rh1 Ng5 29. Bxf5+ Qxf5 30. Nxc7 Qxc2+ 31. Kxc2 Rxf3 32. Ne8 e4 33. Nxd6 e3
34. Rde1 Rf2+ 35. Kd3 Kg6 36. Rxe3 Rxb2 37. Re2 Rb8 38. Ne4 Nf7 39. Rg2+ Kh7
40. Nf6+ Kh8 41. Ng4 Rg8 42. Nxh6 Rxg2 43. Nxf7+ Kg7 44. Nd8 Rxa2 45. Ne6+ Kf6
46. Nxc5 Ke5 47. Re1+ 1-0

[Event "Northumbria Masters"]
[Site "Newcastle upon Tyne, ENG"]
[Date "2019.08.25"]
[Round "4.15"]
[White "Stoyanov, Viktor"]
[Black "Yoon, Jacob D"]
[Result "1-0"]
[WhiteElo "2207"]
[BlackElo "1987"]
[PlyCount "107"]
[EventDate "2019.08.23"]
[EventRounds "9"]
[EventCountry "ENG"]
[SourceTitle "BritBase"]
[Source "John Saunders"]
[SourceDate "2021.08.31"]
[SourceVersion "1"]
[SourceVersionDate "2021.08.31"]
[SourceQuality "1"]

1. c4 e6 2. Nf3 c5 3. Nc3 Nf6 4. e3 d5 5. cxd5 exd5 6. d4 Be7 7. dxc5 O-O 8.
Bd3 Nbd7 9. O-O Nxc5 10. Bc2 Bg4 11. Ne2 Ne6 12. Ng3 Ng5 13. Bf5 Bxf3 14. gxf3
g6 15. Bd3 Ne6 16. f4 Nc5 17. Be2 Nfe4 18. Bf3 f5 19. Ne2 Ne6 20. Nc3 Nc7 21.
Qb3 Rf6 22. Rd1 Rd6 23. Nxe4 fxe4 24. Bxe4 Kg7 25. Bg2 Bf6 26. Rb1 a5 27. Bd2
Raa6 28. Bc3 a4 29. Bxf6+ Rxf6 30. Qc3 Rac6 31. Qd4 Rcd6 32. Qxa4 Ne6 33. Rbc1
d4 34. Qc2 Qb6 35. Qb3 dxe3 36. fxe3 Nxf4 37. Qxb6 Ne2+ 38. Kh1 Rxd1+ 39. Rxd1
Rxb6 40. Rd7+ Kh6 41. Rxb7 Rd6 42. Bf3 Nc1 43. a4 Nd3 44. Rb5 g5 45. Rd5 Rf6
46. Rxd3 Rxf3 47. Kg2 Rf8 48. b4 Ra8 49. a5 Rb8 50. Rd6+ Kh5 51. Rb6 Rc8 52. a6
Kg4 53. h3+ Kh4 54. Rh6# 1-0

[Event "Northumbria Masters"]
[Site "Newcastle upon Tyne, ENG"]
[Date "2019.08.25"]
[Round "4.16"]
[White "Hutchinson, Paul A"]
[Black "Metcalfe, Charlie P"]
[Result "1-0"]
[WhiteElo "2177"]
[BlackElo "1739"]
[PlyCount "53"]
[EventDate "2019.08.23"]
[EventRounds "9"]
[EventCountry "ENG"]
[SourceTitle "BritBase"]
[Source "John Saunders"]
[SourceDate "2021.08.31"]
[SourceVersion "1"]
[SourceVersionDate "2021.08.31"]
[SourceQuality "1"]

1. e4 e6 2. d3 d5 3. Nd2 c5 4. Ngf3 Nc6 5. g3 Nf6 6. Bg2 Be7 7. O-O O-O 8. Re1
b5 9. e5 Nd7 10. Nf1 a5 11. h4 b4 12. Bf4 Ba6 13. Ng5 Qe8 14. Qg4 Bxg5 15. hxg5
Nd4 16. Ne3 Rc8 17. Qh3 Nb6 18. Rac1 c4 19. dxc4 Nxc4 20. Ng4 Nxb2 21. Nf6+
gxf6 22. exf6 Qa4 23. g4 Kh8 24. g6 fxg6 25. Be5 Ne2+ 26. Rxe2 Nd3 27. Qxd3 1-0

[Event "Northumbria Masters"]
[Site "Newcastle upon Tyne, ENG"]
[Date "2019.08.25"]
[Round "4.17"]
[White "Abdulla, Murad"]
[Black "Mollison, Jamie"]
[Result "1-0"]
[WhiteElo "2265"]
[BlackElo "1929"]
[PlyCount "65"]
[EventDate "2019.08.23"]
[EventRounds "9"]
[EventCountry "ENG"]
[SourceTitle "BritBase"]
[Source "John Saunders"]
[SourceDate "2021.08.31"]
[SourceVersion "1"]
[SourceVersionDate "2021.08.31"]
[SourceQuality "1"]

1. e4 e6 2. d3 d5 3. Qe2 dxe4 4. dxe4 e5 5. Nf3 Nc6 6. c3 Bc5 7. b4 Bd6 8. Nbd2
Nf6 9. Nc4 O-O 10. Qc2 Be6 11. Be2 Qe7 12. O-O Bxc4 13. Bxc4 h6 14. h3 Nh5 15.
g3 Kh7 16. Qe2 g6 17. Nh2 Nf6 18. Kg2 Kg7 19. Qf3 Nd8 20. Be3 Ne6 21. h4 Rh8
22. Rfd1 a6 23. a3 Rhd8 24. Rab1 c6 25. Bb3 Bc7 26. Rdc1 a5 27. b5 Qxa3 28.
Bxh6+ Kxh6 29. Qxf6 Qf8 30. Ng4+ Kh7 31. h5 Ng7 32. Bxf7 Rd6 33. hxg6+ 1-0

[Event "Northumbria Masters"]
[Site "Newcastle upon Tyne, ENG"]
[Date "2019.08.25"]
[Round "4.18"]
[White "Dong, Bao Nghia"]
[Black "Guha, Chirag"]
[Result "1-0"]
[WhiteElo "2217"]
[BlackElo "1876"]
[PlyCount "111"]
[EventDate "2019.08.23"]
[EventRounds "9"]
[EventCountry "ENG"]
[SourceTitle "BritBase"]
[Source "John Saunders"]
[SourceDate "2021.08.31"]
[SourceVersion "1"]
[SourceVersionDate "2021.08.31"]
[SourceQuality "1"]

1. d4 d5 2. c4 e6 3. Nc3 Nf6 4. Bg5 c6 5. e3 Nbd7 6. Nf3 Qa5 7. Bxf6 Nxf6 8.
Nd2 Bb4 9. Qc2 O-O 10. Bd3 c5 11. Nb3 Qc7 12. dxc5 dxc4 13. Bxc4 Bxc5 14. Nxc5
Qxc5 15. Qb3 b6 16. O-O Bb7 17. Qb5 Qe7 18. Rfd1 Rac8 19. Bf1 Rc5 20. Qb4 Qc7
21. Nb5 Qe5 22. Rac1 a6 23. Nd6 Rxc1 24. Rxc1 Nd5 25. Qa3 Ba8 26. Bxa6 f5 27.
Rc8 Rxc8 28. Bxc8 Bc6 29. Bd7 Nb4 30. Qxb4 Qd5 31. Bxe6+ Qxe6 32. Qc4 Bd5 33.
Qc8+ Qxc8 34. Nxc8 Bxa2 35. Ne7+ Kf7 36. Nxf5 Kf6 37. Nd4 Bc4 38. f3 Ke5 39.
Kf2 Kd5 40. Ke1 Kc5 41. Kd2 Kb4 42. e4 Bf1 43. g3 Kc4 44. Ke3 Bh3 45. g4 Bg2
46. b3+ Kb4 47. h4 Bf1 48. h5 Ba6 49. g5 Bc8 50. f4 g6 51. h6 Kc3 52. f5 gxf5
53. exf5 Bxf5 54. Nxf5 Kxb3 55. g6 hxg6 56. Nd4+ 1-0

[Event "Northumbria Masters"]
[Site "Newcastle upon Tyne, ENG"]
[Date "2019.08.25"]
[Round "4.19"]
[White "Ther, Mate"]
[Black "French, Max"]
[Result "0-1"]
[WhiteElo "1955"]
[BlackElo "2172"]
[PlyCount "104"]
[EventDate "2019.08.23"]
[EventRounds "9"]
[EventCountry "ENG"]
[SourceTitle "BritBase"]
[Source "John Saunders"]
[SourceDate "2021.08.31"]
[SourceVersion "1"]
[SourceVersionDate "2021.08.31"]
[SourceQuality "1"]

1. e4 c6 2. d4 d5 3. Nc3 dxe4 4. Nxe4 Bf5 5. Nc5 b6 6. Nb3 e6 7. Nf3 Nd7 8. g3
Ngf6 9. Bg2 Rc8 10. O-O Be7 11. Re1 O-O 12. c4 c5 13. Ne5 Nxe5 14. dxe5 Nd7 15.
f4 Nb8 16. Be3 f6 17. Qd2 Qc7 18. Qe2 fxe5 19. Bd2 Rcd8 20. Bc3 Bf6 21. Bxe5
Bxe5 22. Qxe5 Qxe5 23. Rxe5 Nd7 24. Ree1 Nf6 25. Rad1 Kf7 26. h3 Bc2 27. Rc1
Bxb3 28. axb3 Rd2 29. Ra1 a5 30. Rad1 Rfd8 31. Rxd2 Rxd2 32. Re3 Rxb2 33. Bc6
Rd2 34. Kh1 Rd6 35. Bb7 Ng8 36. Kg2 Ne7 37. g4 Rd4 38. Kg3 a4 39. bxa4 Rxc4 40.
Rb3 Rxa4 41. Rxb6 Rb4 42. Rxb4 cxb4 43. Kf3 b3 44. Be4 Nd5 45. f5 h6 46. Bd3 b2
47. Ke4 Nc3+ 48. Ke5 exf5 49. Kxf5 b1=Q 50. Bxb1 Nxb1 51. g5 g6+ 52. Kf4 h5 0-1

[Event "Northumbria Masters"]
[Site "Newcastle upon Tyne, ENG"]
[Date "2019.08.25"]
[Round "4.20"]
[White "Izod, Chris"]
[Black "Lam, Paul G M"]
[Result "1/2-1/2"]
[WhiteElo "1943"]
[BlackElo "2118"]
[PlyCount "72"]
[EventDate "2019.08.23"]
[EventRounds "9"]
[EventCountry "ENG"]
[SourceTitle "BritBase"]
[Source "John Saunders"]
[SourceDate "2021.08.31"]
[SourceVersion "1"]
[SourceVersionDate "2021.08.31"]
[SourceQuality "1"]

1. d4 Nf6 2. Nf3 g6 3. c4 Bg7 4. Nc3 d6 5. e4 Bg4 6. Be2 Nc6 7. Be3 O-O 8. d5
Bxf3 9. Bxf3 Ne5 10. Be2 c6 11. O-O Qa5 12. a3 cxd5 13. b4 Qc7 14. Nxd5 Nxd5
15. cxd5 Qc3 16. Bd4 Nf3+ 17. Bxf3 Qxd4 18. Qxd4 Bxd4 19. Rac1 Rac8 20. Bg4 f5
21. exf5 gxf5 22. Rxc8 Rxc8 23. Bxf5 Rc3 24. a4 Ra3 25. Bd7 Rb3 26. b5 Ra3 27.
g4 Rxa4 28. b6 Ra2 29. bxa7 Bxa7 30. Kg2 Kg7 31. Rb1 Bxf2 32. Rxb7 Bd4+ 33. Kf3
Rxh2 34. Rb4 Be5 35. Be6 Rh3+ 36. Kg2 Rh2+ 1/2-1/2

[Event "Northumbria Masters"]
[Site "Newcastle upon Tyne, ENG"]
[Date "2019.08.25"]
[Round "4.21"]
[White "Jaufarally, Nadia"]
[Black "Shaw, Peter"]
[Result "1-0"]
[WhiteElo "1934"]
[BlackElo "2076"]
[PlyCount "89"]
[EventDate "2019.08.23"]
[EventRounds "9"]
[EventCountry "ENG"]
[SourceTitle "BritBase"]
[Source "John Saunders"]
[SourceDate "2021.08.31"]
[SourceVersion "1"]
[SourceVersionDate "2021.08.31"]
[SourceQuality "1"]

1. e4 c5 2. Nf3 e6 3. d4 cxd4 4. Nxd4 Nc6 5. Nc3 Qc7 6. Be2 a6 7. a4 Nf6 8. O-O
Bb4 9. Bg5 Bxc3 10. Bxf6 Bxb2 11. Bxg7 Bxa1 12. Bxh8 Bxd4 13. Bxd4 Nxd4 14.
Qxd4 Qxc2 15. Bh5 Kd8 16. Qf6+ Kc7 17. Qf4+ Kb6 18. Qe3+ Ka5 19. Rc1 Qb2 20.
Qc5+ b5 21. Bd1 Bb7 22. Rc2 Qa1 23. Rc1 Qb2 24. Qc7+ Kb4 25. axb5 axb5 26. Qc5+
Ka5 27. Rc3 Bc6 28. Ra3+ Qxa3 29. Qxa3+ Kb6 30. Qe3+ Kb7 31. h3 Ra1 32. Qd4 Rc1
33. Kh2 Rc4 34. Qd2 Kb6 35. Bf3 Bxe4 36. Be2 Rc5 37. Bxb5 Rxb5 38. Qd4+ Kc7 39.
Qxe4 h5 40. Qf4+ Kd8 41. Qxf7 Rf5 42. Qg8+ Ke7 43. Qg7+ Ke8 44. f3 d5 45. Kg1
1-0

[Event "Northumbria Masters"]
[Site "Newcastle upon Tyne, ENG"]
[Date "2019.08.25"]
[Round "4.22"]
[White "Forster, Matthew"]
[Black "Clark, Robert G"]
[Result "0-1"]
[WhiteElo "1833"]
[BlackElo "2060"]
[PlyCount "104"]
[EventDate "2019.08.23"]
[EventRounds "9"]
[EventCountry "ENG"]
[SourceTitle "BritBase"]
[Source "John Saunders"]
[SourceDate "2021.08.31"]
[SourceVersion "1"]
[SourceVersionDate "2021.08.31"]
[SourceQuality "1"]

1. c4 Nf6 2. g3 e5 3. Bg2 d5 4. cxd5 Nxd5 5. Nc3 Nb6 6. d3 Be7 7. Be3 O-O 8.
Rc1 Nc6 9. Nf3 Be6 10. O-O f6 11. a3 Nd4 12. b4 a5 13. Bxd4 exd4 14. Nb5 c6 15.
Nbxd4 Bf7 16. Qd2 axb4 17. axb4 Nd5 18. Rb1 Qb6 19. b5 c5 20. Nf5 Rfe8 21. Ne3
Nb4 22. Nh4 Red8 23. Nhf5 Bf8 24. Ra1 g6 25. Nh4 Qxb5 26. Ng4 Bg7 27. Nh6+ Bxh6
28. Qxh6 Rxa1 29. Rxa1 Nc2 30. Rc1 Nd4 31. Re1 Qb4 32. Kf1 Nb3 33. f4 Nd2+ 34.
Kg1 Qd4+ 35. e3 Qxd3 36. f5 g5 37. Nf3 Nxf3+ 38. Bxf3 Qxf5 39. Bxb7 Qe5 40. Rf1
Qxe3+ 41. Kh1 Bg6 42. Rxf6 Qc1+ 43. Kg2 Qb2+ 44. Rf2 Qxb7+ 45. Kh3 Qd7+ 46. Kg2
Qd5+ 47. Kg1 Qe5 48. Ra2 c4 49. Ra6 Qe1+ 50. Kg2 Qe2+ 51. Kh3 Bf5+ 52. g4 Qf3#
0-1

[Event "Northumbria Masters"]
[Site "Newcastle upon Tyne, ENG"]
[Date "2019.08.25"]
[Round "4.23"]
[White "Johnson, Paul A"]
[Black "Turner, Max N"]
[Result "1-0"]
[WhiteElo "1796"]
[BlackElo "2012"]
[PlyCount "85"]
[EventDate "2019.08.23"]
[EventRounds "9"]
[EventCountry "ENG"]
[SourceTitle "BritBase"]
[Source "John Saunders"]
[SourceDate "2021.08.31"]
[SourceVersion "1"]
[SourceVersionDate "2021.08.31"]
[SourceQuality "1"]

1. e4 c5 2. c3 Nf6 3. e5 Nd5 4. d4 cxd4 5. cxd4 e6 6. Bc4 d6 7. Nf3 Be7 8. O-O
O-O 9. Nc3 Nxc3 10. bxc3 Qc7 11. Qd3 b6 12. Re1 Bb7 13. Bb3 Nd7 14. Bg5 Rfe8
15. Bxe7 Rxe7 16. Ng5 Nf8 17. f4 Rc8 18. Rac1 h6 19. Ne4 Bxe4 20. Qxe4 dxe5 21.
fxe5 b5 22. Re3 Rd8 23. Rf1 Qb6 24. a3 Qa5 25. Qg4 Qxa3 26. Rg3 Ng6 27. Bc2 b4
28. h4 Qb2 29. Rxf7 Rxf7 30. Qxg6 b3 31. Qh7+ Kf8 32. Bg6 Qc1+ 33. Kh2 Qf4 34.
Kh3 b2 35. Rf3 Qxf3+ 36. gxf3 Ke7 37. Bxf7 Kxf7 38. Qb1 Rb8 39. c4 a5 40. d5 a4
41. dxe6+ Kxe6 42. Qg6+ Ke7 43. Qd6+ 1-0

[Event "Northumbria Masters"]
[Site "Newcastle upon Tyne, ENG"]
[Date "2019.08.25"]
[Round "4.25"]
[White "Gayson, Peter M"]
[Black "Van Den Bersselaar, Jeroen"]
[Result "1-0"]
[WhiteElo "2069"]
[BlackElo "2188"]
[PlyCount "127"]
[EventDate "2019.08.23"]
[EventRounds "9"]
[EventCountry "ENG"]
[SourceTitle "BritBase"]
[Source "John Saunders"]
[SourceDate "2021.08.31"]
[SourceVersion "1"]
[SourceVersionDate "2021.08.31"]
[SourceQuality "1"]

1. e4 c6 2. d4 d5 3. e5 Bf5 4. Nf3 e6 5. Be2 h6 6. O-O Ne7 7. b3 Nd7 8. c4 g5
9. Nc3 Qc7 10. Be3 Bg7 11. Rc1 a6 12. Qd2 Rd8 13. cxd5 Nxd5 14. Nxd5 exd5 15.
Ne1 Nf8 16. Nd3 Ne6 17. Nc5 Nxc5 18. Rxc5 Bf8 19. Rcc1 Ba3 20. Rcd1 Qe7 21. Bd3
Be6 22. f4 gxf4 23. Rxf4 Kd7 24. Rdf1 Rdg8 25. Rf6 Bb4 26. Qf2 h5 27. Bf5 Kc8
28. Qf3 Kb8 29. Qh3 Ba5 30. Bxe6 fxe6 31. Rxe6 Qa3 32. Rf2 Rg4 33. Qf3 Bb6 34.
h3 Re4 35. Kh2 Bxd4 36. Bxd4 Rxd4 37. Qf6 Rh7 38. Re8+ Ka7 39. Qg6 Re7 40. Rxe7
Qxe7 41. Qf6 Qb4 42. Qd6 Qc3 43. e6 Re4 44. Rf5 h4 45. e7 Re1 46. Rf8 Qe3 47.
Qb8+ Kb6 48. Qd8+ Kb5 49. a4+ Kb4 50. Qd6+ Ka5 51. Qc7+ b6 52. b4+ Kxa4 53.
Qxc6+ Kxb4 54. Qd6+ Ka5 55. Qxd5+ b5 56. Qa2+ Kb6 57. Rf6+ Kc7 58. Qc2+ Kb8 59.
Rf8+ Kb7 60. Qc8+ Kb6 61. Qd8+ Kc5 62. Qc7+ Kb4 63. Rf4+ Kb3 64. Rf3 1-0

[Event "Northumbria Masters"]
[Site "Newcastle upon Tyne, ENG"]
[Date "2019.08.25"]
[Round "4.26"]
[White "Holland, Christopher"]
[Black "Harari, Zaki"]
[Result "1-0"]
[WhiteElo "2143"]
[BlackElo "2042"]
[PlyCount "71"]
[EventDate "2019.08.23"]
[EventRounds "9"]
[EventCountry "ENG"]
[SourceTitle "BritBase"]
[Source "John Saunders"]
[SourceDate "2021.08.31"]
[SourceVersion "1"]
[SourceVersionDate "2021.08.31"]
[SourceQuality "1"]

1. c4 Nf6 2. Nc3 c5 3. Nf3 Nc6 4. e3 e6 5. d4 cxd4 6. exd4 d5 7. cxd5 Nxd5 8.
Bc4 Bb4 9. Bd2 Nb6 10. Bb5 O-O 11. a3 Be7 12. Be3 Bd7 13. Bd3 Rc8 14. Qc2 f5
15. Ne5 Nxe5 16. dxe5 Nd5 17. Bd2 Qc7 18. f4 Qc5 19. Rf1 Qd4 20. Be2 Bc6 21.
Qb3 Rfd8 22. Rd1 Kf7 23. Bh5+ g6 24. Ne2 Qa4 25. Qh3 Kg8 26. g4 Bf8 27. gxf5
exf5 28. Rg1 Bg7 29. Bxg6 hxg6 30. Rxg6 Be8 31. Rg3 Qe4 32. Kf2 Rc2 33. Qh6 Rd7
34. Qe6+ Kf8 35. Rg5 Nf6 36. Bb4+ 1-0

[Event "Northumbria Masters"]
[Site "Newcastle upon Tyne, ENG"]
[Date "2019.08.25"]
[Round "5.1"]
[White "Maksimenko, Andrei"]
[Black "Donchenko, Alexander"]
[Result "0-1"]
[WhiteElo "2468"]
[BlackElo "2618"]
[PlyCount "86"]
[EventDate "2019.08.23"]
[EventRounds "9"]
[EventCountry "ENG"]
[SourceTitle "BritBase"]
[Source "John Saunders"]
[SourceDate "2021.08.31"]
[SourceVersion "1"]
[SourceVersionDate "2021.08.31"]
[SourceQuality "1"]

1. d4 Nf6 2. c4 e6 3. Nf3 d5 4. Nc3 Bb4 5. Qa4+ Nc6 6. e3 O-O 7. Bd2 a5 8. Rd1
Ne7 9. Qc2 b6 10. Bd3 Bb7 11. O-O Ng6 12. cxd5 exd5 13. a3 Bd6 14. Nb5 Ba6 15.
Nxd6 Bxd3 16. Qxd3 Qxd6 17. Rc1 Ne4 18. Rc2 a4 19. Rd1 Rfd8 20. Be1 c5 21. Nd2
Nf6 22. dxc5 bxc5 23. Qb5 c4 24. Nxc4 Qc7 25. Ba5 dxc4 26. Rxd8+ Rxd8 27. Rc1
Qd7 28. Qxc4 Qd1+ 29. Be1 Qd7 30. Ba5 Rb8 31. h3 h6 32. Bc3 Rc8 33. Qf1 Ne4 34.
Bd4 Nh4 35. f3 Ng3 36. Rxc8+ Qxc8 37. Qe1 Ngf5 38. Bc3 Qc5 39. Kf2 Qd6 40. Kg1
Qg6 41. Qf2 Nxe3 42. g4 Qb1+ 43. Kh2 Nf1+ 0-1

[Event "Northumbria Masters"]
[Site "Newcastle upon Tyne, ENG"]
[Date "2019.08.25"]
[Round "5.2"]
[White "Tan, Justin"]
[Black "Pruijssers, Roeland"]
[Result "1/2-1/2"]
[WhiteElo "2503"]
[BlackElo "2534"]
[PlyCount "87"]
[EventDate "2019.08.23"]
[EventRounds "9"]
[EventCountry "ENG"]
[SourceTitle "BritBase"]
[Source "John Saunders"]
[SourceDate "2021.08.31"]
[SourceVersion "1"]
[SourceVersionDate "2021.08.31"]
[SourceQuality "1"]

1. e4 e5 2. Nf3 Nc6 3. Bb5 f5 4. d3 fxe4 5. dxe4 Nf6 6. O-O Bc5 7. Bxc6 bxc6 8.
Nxe5 O-O 9. Nc3 d6 10. Nd3 Bd4 11. Qe1 Qe8 12. Be3 Bxc3 13. Qxc3 Qxe4 14. Rae1
Qa4 15. b3 Nd5 16. Qd2 Qh4 17. Bg5 Qd4 18. c4 Bf5 19. Nb2 Qxd2 20. Bxd2 Nb6 21.
Ba5 Rfe8 22. f3 h5 23. Kf2 Kf7 24. Rxe8 Rxe8 25. Rc1 c5 26. Nd1 Bd7 27. Nc3 Bc6
28. h4 Kg6 29. Ne2 Kf5 30. Rg1 Rf8 31. Bc3 Kg6 32. Bd2 Kf7 33. Nf4 Rh8 34. Re1
Bd7 35. Ba5 Bf5 36. Rd1 g6 37. Ke3 Re8+ 38. Kf2 Rc8 39. Rd2 Re8 40. Kg3 Be6 41.
Re2 Bf5 42. Rxe8 Kxe8 43. Ne2 c6 44. Kf4 1/2-1/2

[Event "Northumbria Masters"]
[Site "Newcastle upon Tyne, ENG"]
[Date "2019.08.25"]
[Round "5.3"]
[White "Gormally, Daniel W"]
[Black "Gourlay, Iain"]
[Result "1-0"]
[WhiteElo "2495"]
[BlackElo "2345"]
[PlyCount "47"]
[EventDate "2019.08.23"]
[EventRounds "9"]
[EventCountry "ENG"]
[SourceTitle "BritBase"]
[Source "John Saunders"]
[SourceDate "2021.08.31"]
[SourceVersion "1"]
[SourceVersionDate "2021.08.31"]
[SourceQuality "1"]

1. d4 d5 2. c4 c6 3. Nf3 Nf6 4. Nc3 dxc4 5. e4 b5 6. Be2 b4 7. Na4 Nxe4 8. Bxc4
e6 9. O-O Be7 10. Re1 Nf6 11. Ne5 Bb7 12. Qe2 O-O 13. Nc5 Bxc5 14. dxc5 Nbd7
15. Bg5 Qa5 16. Rad1 Nxe5 17. Qxe5 Nd5 18. Rd3 f6 19. Qxe6+ Kh8 20. Bd2 Qxc5
21. Bxd5 cxd5 22. Rg3 Qb5 23. Qe7 Rg8 24. Bh6 1-0

[Event "Northumbria Masters"]
[Site "Newcastle upon Tyne, ENG"]
[Date "2019.08.25"]
[Round "5.4"]
[White "Welling, Gerard"]
[Black "Adair, James R"]
[Result "1/2-1/2"]
[WhiteElo "2307"]
[BlackElo "2473"]
[PlyCount "108"]
[EventDate "2019.08.23"]
[EventRounds "9"]
[EventCountry "ENG"]
[SourceTitle "BritBase"]
[Source "John Saunders"]
[SourceDate "2021.08.31"]
[SourceVersion "1"]
[SourceVersionDate "2021.08.31"]
[SourceQuality "1"]

1. d4 Nf6 2. Nf3 e6 3. Nbd2 d5 4. e3 b6 5. Bd3 Bb7 6. O-O Bd6 7. b3 O-O 8. Bb2
Nbd7 9. Ne5 Ne4 10. f4 Nxd2 11. Qxd2 Nf6 12. c4 dxc4 13. bxc4 Ne4 14. Qc2 f5
15. Nf3 c5 16. Rad1 cxd4 17. Bxd4 Qe7 18. Bxe4 Bxe4 19. Qb2 Rfd8 20. Ne5 Rac8
21. Qb3 Qb7 22. Rf2 Rc7 23. c5 Bxe5 24. Bxe5 Rxd1+ 25. Qxd1 Rd7 26. Rd2 Rxd2
27. Qxd2 bxc5 28. Qd8+ Kf7 29. h4 Qe7 30. Qxe7+ Kxe7 31. Bxg7 Kd6 32. Kf2 Kd5
33. Ke2 Kc4 34. Kd2 Bxg2 35. Bf8 Be4 36. a3 Bf3 37. Be7 a6 38. Bf8 h5 39. Be7
a5 40. Bf8 a4 41. Be7 Be4 42. Bf8 Bb1 43. Be7 Ba2 44. Bf8 Kd5 45. Kc3 c4 46.
Be7 Ke4 47. Bc5 Bb3 48. Bb6 Kf3 49. Bc5 Kg3 50. Be7 Kg4 51. Bd8 Kf3 52. Bb6 Kf2
53. Bc5 Ke2 54. Bb6 Kf3 1/2-1/2

[Event "Northumbria Masters"]
[Site "Newcastle upon Tyne, ENG"]
[Date "2019.08.25"]
[Round "5.5"]
[White "Eggleston, David J"]
[Black "Mannion, Stephen R"]
[Result "1-0"]
[WhiteElo "2403"]
[BlackElo "2280"]
[PlyCount "133"]
[EventDate "2019.08.23"]
[EventRounds "9"]
[EventCountry "ENG"]
[SourceTitle "BritBase"]
[Source "John Saunders"]
[SourceDate "2021.08.31"]
[SourceVersion "1"]
[SourceVersionDate "2021.08.31"]
[SourceQuality "1"]

1. e4 e5 2. Nf3 Nc6 3. Bc4 Bc5 4. c3 Nf6 5. d3 d6 6. b4 Bb6 7. a4 a5 8. b5 Ne7
9. Nbd2 c6 10. bxc6 bxc6 11. O-O O-O 12. Ba2 Ng6 13. Nc4 Bc7 14. Re1 Re8 15.
Ne3 d5 16. Qc2 h6 17. g3 Be6 18. Ba3 Qd7 19. c4 d4 20. Ng2 Bh3 21. Nfh4 Nxh4
22. Nxh4 g5 23. Ng2 Kg7 {(=)} 24. f3 Nh7 25. Rab1 Rab8 26. c5 Nf8 27. Rf1 Ne6
28. Rxb8 Rxb8 29. Rb1 Rxb1+ 30. Qxb1 Bd8 31. Ne1 h5 32. Qb8 Qc7 33. Qxc7 Nxc7
34. f4 gxf4 35. gxf4 Bg4 36. fxe5 Bg5 37. Bb3 Bf4 38. Bb2 Be3+ 39. Kg2 Na6 40.
Nc2 Nxc5 41. Bxd4 Bxd4 42. Nxd4 Nxd3 43. Nxc6 Bd7 44. Nxa5 Nc5 45. Bd5 Bxa4 46.
Nc4 Nd3 47. Kg3 Bb5 48. Nd6 Bd7 49. Nxf7 Ba4 50. Kh4 Nf4 51. Bc4 Ng2+ 52. Kxh5
Be8 53. e6 Ne3 54. Ba2 Kf6 55. Kh4 Bc6 56. Ng5 Ng2+ 57. Kh5 Nf4+ 58. Kh6 Nd3
59. Bd5 Be8 60. Nh7+ Ke7 61. Kg7 Ne5 62. Nf6 Ba4 63. Ng8+ Ke8 64. Nh6 Bd1 65.
Nf5 Bf3 66. h4 Bg4 67. Kf6 1-0

[Event "Northumbria Masters"]
[Site "Newcastle upon Tyne, ENG"]
[Date "2019.08.25"]
[Round "5.6"]
[White "Siddharth, Jagadeesh"]
[Black "Munshi, Aditya"]
[Result "1/2-1/2"]
[WhiteElo "2382"]
[BlackElo "2091"]
[PlyCount "34"]
[EventDate "2019.08.23"]
[EventRounds "9"]
[EventCountry "ENG"]
[SourceTitle "BritBase"]
[Source "John Saunders"]
[SourceDate "2021.08.31"]
[SourceVersion "1"]
[SourceVersionDate "2021.08.31"]
[SourceQuality "1"]

1. Nf3 d5 2. c4 d4 3. e3 Nc6 4. d3 e5 5. e4 Bb4+ 6. Nbd2 a5 7. a3 Be7 8. b3 Nf6
9. g3 O-O 10. Bg2 Nd7 11. O-O Nc5 12. Qe2 f5 13. exf5 Bxf5 14. Ne1 Qd6 15. Rb1
Bg5 16. Ne4 Bxe4 17. Bxg5 Bxg2 1/2-1/2

[Event "Northumbria Masters"]
[Site "Newcastle upon Tyne, ENG"]
[Date "2019.08.25"]
[Round "5.7"]
[White "Kanyamarala, Tarun"]
[Black "Raetsky, Alexander"]
[Result "1/2-1/2"]
[WhiteElo "2142"]
[BlackElo "2404"]
[PlyCount "109"]
[EventDate "2019.08.23"]
[EventRounds "9"]
[EventCountry "ENG"]
[SourceTitle "BritBase"]
[Source "John Saunders"]
[SourceDate "2021.08.31"]
[SourceVersion "1"]
[SourceVersionDate "2021.08.31"]
[SourceQuality "1"]

1. d4 d5 2. c4 dxc4 3. e4 Nf6 4. e5 Nd5 5. Bxc4 Nb6 6. Bd3 Nc6 7. Ne2 Bg4 8.
Be3 Nb4 9. Be4 N4d5 10. Nbc3 c6 11. O-O Qd7 12. Qc2 g6 13. h3 Be6 14. Rad1 Bg7
15. Nc1 O-O 16. Nd3 Rad8 17. Nc5 Qc8 18. Nxe6 Qxe6 19. Bc1 f5 20. Bf3 h6 21.
Qd2 Kh7 22. a3 a5 23. Qc2 Nc7 24. Rd3 Ra8 25. Rfd1 Rfd8 26. g4 Kh8 27. gxf5
gxf5 28. Bh5 Rg8 29. Kh1 Nbd5 30. Ne2 f4 31. Rf3 Raf8 32. Bg4 Qf7 33. Rxf4 Qe8
34. Rxf8 Rxf8 35. f4 e6 36. Qe4 h5 37. Bf3 Ne7 38. Rg1 Bh6 39. Ng3 h4 40. Nh5
Ncd5 41. Bg4 Nf5 42. Bd2 a4 43. Bb4 Rf7 44. Nf6 Nxf6 45. exf6 Rxf6 46. Bxf5
Rxf5 47. Bd6 Bg7 48. Rg4 Qf7 49. Be5 Bxe5 50. dxe5 Rh5 51. Qd3 Qe7 52. Qd4 Rf5
53. Qd3 Kh7 54. Rg5 Qf7 55. Rg4 1/2-1/2